Cost Management for strategies for Business Decisions. (Record no. 1762)

MARC details
005 - DATE AND TIME OF LATEST TRANSACTION
control field 20250429103822.0
020 ## - INTERNATIONAL STANDARD BOOK NUMBER
International Standard Book Number 0-07-283008-5
082 ## - DEWEY DECIMAL CLASSIFICATION NUMBER
Classification number 658 155 HIL
100 ## - MAIN ENTRY--PERSONAL NAME
Author name HILTON, R. W.
245 ## - TITLE STATEMENT
Title Cost Management for strategies for Business Decisions.
250 ## - EDITION STATEMENT
Edition statement 3rd Ed
260 ## - PUBLICATION, DISTRIBUTION, ETC.
Place of publication, distribution, etc. New York,
Name of publisher, distributor, etc. McGraw-Hill,
Date of publication, distribution, etc. 2006.
300 ## - PHYSICAL DESCRIPTION
Extent Xxxvii, 914p.: ill.; picture
Other physical details Bibliographical references & Index
Dimensions 28cm.
700 ## - ADDED ENTRY--PERSONAL NAME
Other authors/Editors MAHER, M. W. & SELTO, F. H.
856 ## - ELECTRONIC LOCATION AND ACCESS
Link text Access Online Book
Electronic name Business
Path www.mhhe,com
942 ## - ADDED ENTRY ELEMENTS (KOHA)
Source of classification or shelving scheme Dewey Decimal Classification
Koha item type Books
Holdings
Date last seen Total checkouts Full call number Barcode Cost, replacement price Price effective from Koha item type Lost status Source of classification or shelving scheme Damaged status Not for loan Withdrawn status Home library Current library Shelving location Date acquired Cost, normal purchase price
04/29/2025   658 155 HIL 0000006799 189000.00 04/29/2025 Books   Dewey Decimal Classification       College of Business Education Main Library College of Business Education Main Library General Collection 05/26/2011 63000.00
04/29/2025   658 155 HIL 0000006800 189000.00 04/29/2025 Books   Dewey Decimal Classification       College of Business Education Main Library College of Business Education Main Library General Collection 05/26/2011 63000.00
04/29/2025   658 155 HIL 0000006801 189000.00 04/29/2025 Books   Dewey Decimal Classification       College of Business Education Main Library College of Business Education Main Library General Collection 05/26/2011 63000.00
04/29/2025   658 155 HIL 0000006802 189000.00 04/29/2025 Books   Dewey Decimal Classification       College of Business Education Main Library College of Business Education Main Library General Collection 05/26/2011 63000.00
04/29/2025   658 155 HIL 0000006803 189000.00 04/29/2025 Books   Dewey Decimal Classification       College of Business Education Main Library College of Business Education Main Library General Collection 05/26/2011 63000.00
04/29/2025   658 155 HIL 0000006804 189000.00 04/29/2025 Books   Dewey Decimal Classification       College of Business Education Main Library College of Business Education Main Library General Collection 05/26/2011 63000.00
04/29/2025   658 155 HIL 0000006805 189000.00 04/29/2025 Books   Dewey Decimal Classification       College of Business Education Main Library College of Business Education Main Library General Collection 05/26/2011 63000.00
04/29/2025   658 155 HIL 0000006806 189000.00 04/29/2025 Books   Dewey Decimal Classification       College of Business Education Main Library College of Business Education Main Library General Collection 05/26/2011 63000.00